00507nam a2200193 a 4500001001300000003000900013005001700022008004100039020000800080082001300088100002600101245004700127260002500174300000800199500003500207505002400242650002100266700002600287nice12345678IN_TiNIC20260116011259.0050524s1969 dela grp 000 0 eng  ac300a245bFAK aFakirbhai, Dhanjibhai aShri Khrist Gitab Song of the Lord Christ aDelhi bISPCK c1969 a94p aincludes index and biblioraphy2 abibliography, index aChristian-Poetry1 aFakirbhai, Dhanjibhai